| 000 | 01234cam a2200337 a 4500 | ||
|---|---|---|---|
| 999 |
_c57595 _d57595 |
||
| 001 | 13258316 | ||
| 005 | 20200812103755.0 | ||
| 008 | 030701s2004 njua 001 0 eng | ||
| 010 | _a 2003057652 | ||
| 020 | _a0471433349 (acidfree paper) | ||
| 040 |
_aDLC _cDLC _dDLC |
||
| 041 | _aeng | ||
| 050 | 0 | 0 |
_aQA162 _b.D85 2004 |
| 080 | _a512.2 D-89 | ||
| 082 | 0 | 0 | _222 |
| 100 | 1 |
_aDummit, David Steven. _99168 |
|
| 245 | 1 | 0 |
_aAbstract algebra / _cDavid S. Dummit, Richard M. Foote. |
| 250 | _a3rd ed. | ||
| 264 |
_aHoboken, NJ : _bWiley, _cc2004. |
||
| 300 |
_axii, 932 p. : _bill. ; _c24 cm. |
||
| 500 | _aIncludes index. | ||
| 650 | 0 |
_aAlgebra, Abstract. _99169 |
|
| 653 | _aალგებრა | ||
| 653 | _aმათემატიკა | ||
| 700 | 1 |
_aFoote, Richard M., _d1950- _eავტორი _99170 |
|
| 856 | 4 | 2 |
_3Publisher description _uhttp://www.loc.gov/catdir/description/wiley039/2003057652.html |
| 856 | 4 | 1 |
_3Table of contents _uhttp://www.loc.gov/catdir/toc/wiley032/2003057652.html |
| 906 |
_a7 _bcbc _corignew _d1 _eocip _f20 _gy-gencatlg |
||
| 942 |
_2udc _cBK |
||
| 955 |
_apc24 2003-07-01 to ASCD _cjp20 2003-07-01 to subj _aaa07 2003-07-03 _aps05 2003-08-21 1 copy rec'd., to CIP ver. _ajp00 2003-08-26 |
||